Conceptos de genética

Збережено в:
Бібліографічні деталі
Автор: Klug, William S.
Інші автори: Cummings, Michael R.
Формат: Книга
Мова:Іспанська
Опубліковано: Madrid. Prentice Hall. 1999.
Предмети:
Теги: Додати тег
Немає тегів, Будьте першим, хто поставить тег для цього запису!

MARC

LEADER 00000nam a22000005a 4500
001 8603
003 CL-ChBUA
005 20120815103121.0
008 070301s1999 sp 000 0 spa
040 |a CL-ChBUA  |c CL-ChBUA 
082 0 0 |a 575 
090 |c 8603  |d 8603 
100 1 |a Klug, William S. 
245 1 0 |a Conceptos de genética 
260 |b Prentice Hall.  |a Madrid.  |c 1999. 
300 |a xxiv, 814 p.: gráfs.  |c 27 cm. 
504 |a Glosario, índice. 
650 4 |a GENETICA. 
700 1 |a Cummings, Michael R. 
942 |c LIB 
952 |0 0  |1 0  |4 0  |7 0  |9 12882  |a UNACH  |b UNACH  |c 500  |d 2007-03-05  |i 38.876.  |l 13  |m 10  |o 575 / K 66.  |p 13881  |r 2025-12-11 15:42:20  |s 2025-12-09  |u 12882  |w 2012-08-08  |y LIB  |k 575 / K 66. 
999 |c 8603  |d 8603